000 01096nam a2200241 i 4500
001 190361
003 SpMaBN
005 20240410102607.0
008 201113s1976 sp |||| | spa d
080 _a027(460.235 B.) Convento de San José
100 1 _aArnall Juan, María Josefa.
_9170769
245 1 4 _aLos manuscritos, incunables y demás impresos de la Biblioteca del Convento de San José de Barcelona (Carmelitas Descalzos) /
_cMaría Josefa Arnall Juan.
260 _aBarcelona :
_bUniversidad de Barcelona, [Facultad de Filología],
_c1976.
300 _a15 p. ;
_c24 cm.
502 _aTesis-Univ. Barcelona (Extracto)
594 _aPrecede al tít.: Universidad de Barcelona. Secretariado de Publicaciones, Intercambio Científico y Extensión Universitaria.
610 2 4 _aConvento de San José (Barcelona).
_bBiblioteca.
_9170770
655 _aTesis y escritos académicos
_9226867
710 2 _aUniversidad de Barcelona.
_bFacultad de Filología.
_9174497
852 4 _aES-MaACL
_jP-1415 (111)
_9197569
_bR.68610
_cDEPO2
942 _2udc
999 _c190361
_d190361